Wild animal

Bibliographic Details
Main Author: Steele, Philip
Format: Book
Published: London : Macmillan Publishers , 1990
Series:Pocket facts
Subjects:

MARC

LEADER 00000cam a2200000 7i4500
001 0000002746
002 000002976
005 20000330.0
020 |a 033351453X 
090 0 0 |a 030   |b POC 
100 1 |a Steele, Philip 
245 1 0 |a Wild animal   |c Philip Steele 
260 |a London :   |b Macmillan Publishers ,   |c 1990 
300 |a 32p. :   |b ill ;   |c 21cm. 
490 0 |a Pocket facts 
650 0 0 |a Wild Animals 
999 |a 027243   |b BUKU   |c JUNIOR BOOKS   |e PERPUSTAKAAN KOMUNITI PETALING JAYA 
999 |a 036327   |b BUKU   |c JUNIOR BOOKS   |e PERPUSTAKAAN KOMUNITI PETALING JAYA